Resilient Democratic Governance Navigating Unity in Diversity for Sustainable Well-Being

Guardado en:
Detalles Bibliográficos
Autor principal: Karacaoglu, Girol
Formato: Libro
Lenguaje:inglés
Publicado: Leeds Emerald Publishing 2024
Edición:1st Edition
Materias:
Etiquetas: Agregar Etiqueta
Sin Etiquetas, Sea el primero en etiquetar este registro!

MARC

LEADER 00000nam a2200000 4500
001 0311371
005 20250813111100.1
020 |a 978-1-83549-280-2 
041 0 |a eng 
044 |a GB 
245 1 0 |a Resilient Democratic Governance  |b Navigating Unity in Diversity for Sustainable Well-Being  |c by Girol Karacaoglu 
250 |a 1st Edition 
264 1 |a Leeds  |b Emerald Publishing  |c 2024 
300 |a 148 s. 
500 |a Emerald e-books. 
610 2 0 |a blahobyt 
610 2 0 |a úroveň životná 
610 2 0 |a rozvoj trvalo udržateľný 
100 1 |a Karacaoglu, Girol